Paesaggi paesaggi

Gardado en:
Detalles Bibliográficos
Autor Principal: Fortunato Mario
Formato: Libro
Idioma:lingua descoñecida ou non válida
Publicado: Roma - Napoli Theoria 1993
Tags: Engadir etiqueta
Sen Etiquetas, Sexa o primeiro en etiquetar este rexistro!

MARC

LEADER 00000nam a2200000Ia 4500
001 153
003 NUMERAZIONE-ORIGINALE-BRESCIA
005 20260206230748.0
008 260206s9999 xx 000 0 und d
100 |a Fortunato Mario 
245 0 |a Paesaggi paesaggi 
260 |a Roma - Napoli 
260 |b Theoria 
260 |c 1993 
500 |a Geografie 
500 |a Guida per amatori della notte 
942 |2 ddc  |c BK  |n 0 
952 |0 0  |1 0  |2 ddc  |4 0  |6 13  |7 0  |9 28346  |a BS  |b BS  |d 2026-02-06  |i 153  |l 0  |o 1-3-*  |r 2026-02-06 22:40:33  |w 2026-02-06  |x [REVISIONARE]  |y BK 
999 |c 24034  |d 24034